000 01040cam a2200253 i 4500
003 SA-RiAUC
005 20251117124958.0
008 251115s1973 ua g 00000 ara c
040 _aSA-JeALM
_bara
_cSA-RiAUC
_erda
050 4 _b.H34 1973
082 0 4 _a219.1
_qSA-RiAUC
090 _a219.1
_bح ا ف
100 1 _aحافظ، عبد السلام هاشم،
_d1347-1415 هجري
_eمؤلف.
245 1 0 _aنحو مجتمع أفضل وإعداد جيل مهذب /
_cعبد السلام هاشم حافظ.
264 1 _aالمدينة المنورة :
_bدار الصحافة العربية،
_c1970
300 _a94 صفحة ؛
_c20 سم
336 _aنص
_btxt
_2rdacontent
_3كتاب
337 _aبدون وسيط
_bn
_2rdamedia
338 _aمجلد
_bnc
_2rdacarrier
500 _aإهداء من المؤلف عبد السلام هاشم حافظ بتاريخ 1398 هـ
650 7 _aالإسلام والإصلاح الاجتماعي
_2aucsh
942 _2ddc
_cBOOK
_n0
949 _aSA-JeALM
_d251115
_umohamedma123
_n1
999 _c13306
_d13306